Semblanza marítima del México Independiente y Revolucionario /
En este volumen aborda la historia naval de nuestro país desde la guerra de independencia hasta 1970. La obra completa está constituida por dos volúmenes, de los cuales contamos con el primero.
Guardat en:
| Autor principal: | |
|---|---|
| Format: | Llibre |
| Idioma: | espanyol |
| Matèries: | |
| Etiquetes: |
Sense etiquetes, Sigues el primer a etiquetar aquest registre!
|
MARC
| LEADER | 00000nam^a2200000^a^4500 | ||
|---|---|---|---|
| 001 | 000121793 | ||
| 005 | 20250521000000.0 | ||
| 009 | 20260310094438.17 | ||
| 037 | |a Acervo ITESO - Biblioteca | ||
| 041 | |a ESP | ||
| 082 | |a 972. |b CAR | ||
| 100 | |a Cárdenas de la Peña, Enrique |e (autor) | ||
| 245 | 1 | 0 | |a Semblanza marítima del México Independiente y Revolucionario / |c E. Cárdenas de la Peña. |
| 264 | |a México : |b Secretaría de Marina, |c 1970 | ||
| 300 | |a 2 v. | ||
| 336 | |a texto |b txt |2 rdacontenido | ||
| 337 | |a sin mediación |b n |2 rdamedio | ||
| 338 | |a volumen |b nc |2 rdasoporte | ||
| 520 | |a En este volumen aborda la historia naval de nuestro país desde la guerra de independencia hasta 1970. La obra completa está constituida por dos volúmenes, de los cuales contamos con el primero. | ||
| 649 | |a XX | ||
| 650 | |a México - |x Historia Naval | ||
| 650 | |a México - |x Historia - |y Guerra de Independencia, 1810-1821 | ||
| 650 | |a México - |x Historia - |y Regencia e Imperio, 1821-1823 | ||
| 650 | |a México - |x Historia - |y Federalismo y Centralismo, 1824-1853 | ||
| 650 | |a México - |x Historia - |y Invasión Norteamericana, 1846-1848 | ||
| 650 | |a México - |x Historia - |y Federalismo, 1846-1853 | ||
| 650 | |a México - |x Historia - |y Constitución y Reforma, 1855-1863 | ||
| 650 | |a México - |x Historia - |y Porfirismo, 1876-1911 | ||
| 650 | |a México - |x Historia - |y Revolución, 1910-1917 | ||
| 650 | |a México - |x Historia - |y 1910-1946 | ||
| 650 | |a México - |x Historia - |y 1964-1970 | ||
| 650 | |a México - |x Historia - |y Siglo XX | ||
| 910 | |a Fondo Salvador Reynoso Reynoso | ||
| 920 | |a Impresos - Libros | ||
| 930 | |a Fondos Especiales | ||
| 905 | |a 112 | ||
| 901 | |a 0800006283 |b IT2 |c ESP |u 20250521 | ||
| 901 | |a 0800006286 |b IT2 |c ESP |u 20250521 | ||
| 902 | |a https://opac.biblio.iteso.mx/vufind/Record/000121793 | ||